Telefonvorwahlen Europas - Statistiken

Allgemein
  • Dieses Quiz wurde 83 mal gespielt
  • Das Durchschnittsergebnis liegt bei 12 aus 52
Antwortstatistiken
Telefonvorwahl Land % Korrekt
+49 Deutschland
90%
+33 Frankreich
47%
+43 Österreich
47%
+48 Polen
43%
+41 Schweiz
43%
+34 Spanien
43%
+39 Italien
42%
+7 Russland
38%
+32 Belgien
37%
+31 Niederlande
35%
+47 Norwegen
35%
+45 Dänemark
33%
+30 Griechenland
33%
+46 Schweden
33%
+40 Rumänien
28%
+44 Vereinigtes Königreich
28%
+351 Portugal
25%
+36 Ungarn
25%
+90 Türkische Republik Nordzypern
23%
+420 Tschechien
22%
+352 Luxemburg
20%
+421 Slowakei
20%
+353 Irland
18%
+423 Liechtenstein
18%
+355 Albanien
17%
+358 Finnland
17%
+378 San Marino
17%
+380 Ukraine
15%
+379 Vatikanstadt
15%
+359 Bulgarien
13%
+372 Estland
13%
+354 Island
13%
+44 Isle of Man
13%
+371 Lettland
13%
+370 Litauen
13%
+356 Malta
13%
+376 Andorra
12%
+377 Monaco
12%
+7 Abchasien
10%
+387 Bosnien und Herzegowina
10%
+350 Gibraltar
10%
+44 Kanalinseln
10%
+385 Kroatien
10%
+386 Slowenien
10%
+375 Belarus
8%
+383 Kosovo
8%
+373 Moldawien
8%
+382 Montenegro
8%
+389 Nordmazedonien
8%
+381 Serbien
8%
+7 Südossetien
8%
+298 Färöer
7%
Keine übereinstimmenden Quizze gefunden
Verteilung der Resultate
Anzahl Personen mit jedem Resultat
Perzentil nach korrekt beantworteten Fragen
Ihre Resultats-Entwicklung
Sie haben dieses Quiz noch nicht gespielt